000 00907nam a2200253Ia 4500
003 OSt
005 20220923222543.0
006 a|||||r|||| 00| 0
007 ta
008 220922b |||||||| |||| 00| 0 hin d
024 _a205,933
037 _cTextual
040 _aARTS
_cARTS
_bhin
041 _2hin
_ahin
082 _aP:795, 152L8
100 _aतिवारी, भोलानाथ; गाबा, ओमप्रकाश
_9167066
245 0 _aअनुवाद की व्यावहारिक समस्याएं
246 _aAnuvād kī vyāvahārik samasyāean
260 _aदिल्ली
_b शब्दकार
_c1978
300 _a123पृ.
_ccm.
650 _aहिन्दी भाषा
942 _hP:795, 152L8
_cTEXL
_2CC
999 _c356612
_d356612